00289pab a2200109 454500008004000000100001700040245005900057260000900116300001400125650001400139773002600153180718b2005 xxu||||| |||| 00| 0 eng d aDurrant, Sam aThe invention of mourning of post-apartheid literature c2005 ap.441-50. aApartheid aThird World Quarterly